000 00674nam a2200169 4500
001 143107
003 ES-MaACL
005 20230906200727.0
007 t|
008 070214s1955 sp r ||||1| spa d
245 0 4 _aUna semana municipalista en Mallorca.
260 _aPalma de Mallorca :
_bDepartamento Provincial de Seminarios,
_c1955.
300 _a289 p., 7 lám. ;
_c24 cm.
500 _aPrecede al tít.: Colegio Oficial de Secretarios, Interventores y Depositarios de Administración Local de Baleares.
710 2 _aColegio Oficial de Secretarios, Interventores y Depositarios de Administración Local de Baleares.
_92980
852 _aES-MaACL
_jC-12150
_bR.40017
999 _c143107
_d143107